Memory Coach: Train and sustain a mega-memory in 40 days/ (Record no. 177692)

MARC details
000 -LEADER
fixed length control field 00626nam a22001817a 4500
005 - DATE AND TIME OF LATEST TRANSACTION
control field 20210225154109.0
010 ## - LCCN (DPL NO)
LC control number ENG-129067
020 ## - INTERNATIONAL STANDARD BOOK NUMBER
Terms of availability 399.00
International Standard Book Number 978-1-7892-9018-9
035 ## - SYSTEM CONTROL NUMBER
System control number EN-112599
037 ## - SOURCE OF ACQUISITION
Source of stock number/acquisition DBAD/PUB
082 ## - DEWEY DECIMAL CLASSIFICATION NUMBER
Classification number 153.14
100 ## - MAIN ENTRY--PERSONAL NAME
Personal name Moore, Gareth
245 ## - TITLE STATEMENT
Title Memory Coach: Train and sustain a mega-memory in 40 days/
Remainder of title Gareth Moore
260 ## - PUBLICATION, DISTRIBUTION, ETC. (IMPRINT)
Place of publication, distribution, etc Gurugram
Name of publisher, distributor, etc Hachette Book Publishing India Pvt. Ltd.
Date of publication, distribution, etc 2019
270 ## - ADDRESS
City Gurugram
Address 4th/5th Floors, Corporate Centre, Plot No- 94, Sec- 44
Postal code 122003
300 ## - PHYSICAL DESCRIPTION
Extent 190p.
Dimensions 23cm(pbk)
Other physical details Including illustrations.
942 ## - ADDED ENTRY ELEMENTS (KOHA)
Source of classification or shelving scheme Dewey Decimal Classification
Item type English Books
Classification part 153.14
Call number suffix MOO
Holdings
Withdrawn status Lost status Not for loan Collection code Home library Current library Date acquired Source of acquisition Cost, normal purchase price Full call number Barcode Copy number Cost, replacement price Koha item type
      Non-fiction Ashok Vihar Ashok Vihar 25/02/2021 DBAD/PUB 399.00 153.14 MOO EN-112599 1 399.00 English Books

© Delhi Public Library
Hit Counter
free hit counter